Can you keep a secret?

Bibliographic Details
Main Author: Kinsella, Sophie (Author)
Format: Book
Language:English
Published: New York : Bantsm Dell 2004
Subjects:

MARC

LEADER 00000cam a2200000 7i4500
001 0000028124
005 20241121.0
008 180918 nyu eng
020 |a 9780440241904 
040 |a INS   |b eng   |e rda 
090 0 0 |a PR881   |b K56 2004 
100 1 |a Kinsella, Sophie ,   |e author 
245 1 0 |a Can you keep a secret?   |c Sophie Kinsella 
264 1 |a New York :   |b Bantsm Dell   |c 2004 
264 4 |c ©2004 
300 |a 374 pages ;   |c 20 cm. 
336 |a text  |2 rdacontent 
337 |a unmediated  |2 rdamedia 
338 |a volume  |2 rdacarrier 
650 0 |a Engliah Fiction 
999 |a 1000003565   |b BOOK   |c Open Shelf   |e Default branch